[Event "Titled Tuesday intern op 18th Jun Early"]
[Site "Chess.com INT"]
[Date "2024.06.18"]
[Round "10"]
[White "Kiselev, Pavel"]
[Black "Makhmudov, Shukhrat"]
[Result "0-1"]
[WhiteElo "2139"]
[BlackElo "2115"]
[PlyCount "54"]
[EventDate "2024.06.18"]
[EventType "swiss (blitz)"]
[EventRounds "11"]
[EventCountry "USA"]
[SourceTitle "EXT 2025"]
[Source "ChessBase"]
[SourceDate "2024.10.14"]
[SourceVersion "1"]
[SourceVersionDate "2024.10.14"]
[SourceQuality "1"]

1. Nf3 Nf6 2. g3 d5 3. Bg2 c6 4. 0-0 Bg4 5. d4 Nbd7 6. Nbd2 e6 7. c4 Be7 8. b3 0-0 9. Bb2 Re8 10. Ne5 Nxe5 11. dxe5 Nd7 12. cxd5 exd5 13. h3 Be6 14. e4 dxe4 15. Nxe4 Qc7 16. f4 Bd5 17. Rc1 Qb6+ 18. Bd4 Qa6 19. Qc2 Nf8 20. Nc5 Bxc5 21. Bxc5 Bxg2 22. Kxg2 Ne6 23. Bd6 g6 24. g4 Nd4 25. Qd2 Nb5 26. f5 Nxd6 27. exd6 Re2+ 0-1

[Event "Titled Tuesday intern op 18th Jun Early"]
[Site "Chess.com INT"]
[Date "2024.06.18"]
[Round "5"]
[White "Makhmudov, Shukhrat"]
[Black "Karimova, Guldona"]
[Result "0-1"]
[WhiteElo "2115"]
[BlackElo "2070"]
[PlyCount "70"]
[EventDate "2024.06.18"]
[EventType "swiss (blitz)"]
[EventRounds "11"]
[EventCountry "USA"]
[SourceTitle "EXT 2025"]
[Source "ChessBase"]
[SourceDate "2024.10.14"]
[SourceVersion "1"]
[SourceVersionDate "2024.10.14"]
[SourceQuality "1"]

1. e4 c5 2. Nf3 d6 3. d4 cxd4 4. Nxd4 Nf6 5. Nc3 Nc6 6. Nxc6 bxc6 7. e5 dxe5 8. Qxd8+ Kxd8 9. Bc4 e6 10. Bg5 Be7 11. 0-0-0+ Kc7 12. Bh4 h6 13. f3 Re8 14. Rhe1 Nd5 15. Bg3 f6 16. Ne2 Ne3 17. Bd3 Nxd1 18. Rxd1 Rd8 19. Re1 a5 20. a3 Ba6 21. Bxa6 Rxa6 22. c3 Bc5 23. Kc2 Be3 24. b3 Rd2+ 25. Kb1 Rb6 26. Nc1 Bf2 27. Re2 Rxe2 28. Nxe2 Bxg3 29. Nxg3 Rxb3+ 30. Kc2 Rxa3 31. Kb2 Ra4 32. Nh5 Rh4 33. Nxg7 Kd7 34. h3 Ke7 35. Kb3 Kf7 0-1

[Event "Titled Tuesday intern op 18th Jun Early"]
[Site "Chess.com INT"]
[Date "2024.06.18"]
[Round "8"]
[White "Makhmudov, Shukhrat"]
[Black "Lohani, Sujana"]
[Result "0-1"]
[WhiteElo "2115"]
[BlackElo "1806"]
[PlyCount "98"]
[EventDate "2024.06.18"]
[EventType "swiss (blitz)"]
[EventRounds "11"]
[EventCountry "USA"]
[SourceTitle "EXT 2025"]
[Source "ChessBase"]
[SourceDate "2024.10.14"]
[SourceVersion "1"]
[SourceVersionDate "2024.10.14"]
[SourceQuality "1"]

1. e4 c5 2. Nf3 e6 3. d3 Nc6 4. g3 d5 5. exd5 exd5 6. Bg2 Qe7+ 7. Qe2 Qxe2+ 8. Kxe2 Nf6 9. Re1 Be7 10. Kf1 0-0 11. Nc3 h6 12. a3 a6 13. Ne5 Nxe5 14. Rxe5 Bd6 15. Re2 Bg4 16. f3 Be6 17. f4 Rad8 18. h3 b5 19. Bd2 Rfe8 20. Rae1 Kf8 21. g4 d4 22. Ne4 Nxe4 23. dxe4 Bc4 24. e5 Bxe2+ 25. Rxe2 Bb8 26. Bb7 Re6 27. Ba5 Rde8 28. Bd5 R6e7 29. Bc6 Rc8 30. Bd5 f6 31. exf6 Rxe2 32. fxg7+ Kxg7 33. Kxe2 Bxf4 34. Kf3 Bc1 35. b3 Bxa3 36. Ke4 Re8+ 37. Kf5 Bc1 38. Bc7 Rf8+ 39. Ke6 Bf4 40. Bb6 Re8+ 41. Kd7 Re2 42. Bxc5 Be5 43. Ke6 Rxc2 44. Kxe5 Rxc5 45. Kxd4 Rc1 46. h4 a5 47. g5 hxg5 48. hxg5 Kg6 49. Bc6 Rxc6 0-1

[Event "Titled Tuesday intern op 11th Jun Early"]
[Site "Chess.com INT"]
[Date "2024.06.11"]
[Round "8"]
[White "Karwowski, Kacper"]
[Black "Makhmudov, Shukhrat"]
[Result "0-1"]
[WhiteElo "2155"]
[BlackElo "2115"]
[PlyCount "76"]
[EventDate "2024.06.11"]
[EventType "swiss (blitz)"]
[EventRounds "11"]
[EventCountry "USA"]
[SourceTitle "EXT 2025"]
[Source "ChessBase"]
[SourceDate "2024.10.14"]
[SourceVersion "1"]
[SourceVersionDate "2024.10.14"]
[SourceQuality "1"]

1. Nc3 Nf6 2. e4 e5 3. Nf3 Nc6 4. Bc4 Nxe4 5. Nxe4 d5 6. Bd3 Nb4 7. Ng3 e4 8. Qe2 Be7 9. Nxe4 Nxd3+ 10. Qxd3 dxe4 11. Qxe4 0-0 12. 0-0 Re8 13. h3 Bf6 14. Qf4 c6 15. d4 Be6 16. c3 Bc4 17. Re1 Rxe1+ 18. Nxe1 Qa5 19. Bd2 Re8 20. Nf3 h6 21. g4 Bd5 22. Ne5 Qc7 23. Re1 Bxa2 24. Nd3 Rxe1+ 25. Bxe1 Qxf4 26. Nxf4 Bc4 27. Bd2 a5 28. f3 a4 29. Kf2 b5 30. Ne2 Bh4+ 31. Kg2 Be7 32. Nc1 c5 33. Be3 cxd4 34. cxd4 b4 35. Bd2 a3 36. bxa3 bxa3 37. Bc3 Bg5 38. Bb4 Bxc1 0-1

[Event "Titled Tuesday intern op 11th Jun Early"]
[Site "Chess.com INT"]
[Date "2024.06.11"]
[Round "4"]
[White "Makhmudov, Shukhrat"]
[Black "Cervantes Landeiro, Thalia"]
[Result "1-0"]
[WhiteElo "2115"]
[BlackElo "2271"]
[PlyCount "61"]
[EventDate "2024.06.11"]
[EventType "swiss (blitz)"]
[EventRounds "11"]
[EventCountry "USA"]
[SourceTitle "EXT 2025"]
[Source "ChessBase"]
[SourceDate "2024.10.14"]
[SourceVersion "1"]
[SourceVersionDate "2024.10.14"]
[SourceQuality "1"]

1. e4 c5 2. Nf3 d6 3. d4 cxd4 4. Nxd4 Nf6 5. Nc3 a6 6. h3 e5 7. Nf3 Be7 8. Bc4 b5 9. Bd5 Nxd5 10. Nxd5 Be6 11. 0-0 0-0 12. Be3 Nd7 13. Nxe7+ Qxe7 14. Ng5 Bc4 15. Re1 h6 16. Nf3 Nf6 17. Bd2 Qb7 18. Nh4 Nxe4 19. Nf5 Be6 20. Nxh6+ gxh6 21. Bxh6 Rfc8 22. Qd3 f5 23. f3 Bc4 24. Qe3 Nc5 25. Qg5+ Kh7 26. Qh4 Rh8 27. Rad1 Qb6 28. Rxd6 Qxd6 29. Bf8+ Kg6 30. Qg3+ Kf7 31. Bxd6 1-0

[Event "Titled Tuesday intern op 28th May Early"]
[Site "Chess.com INT"]
[Date "2024.05.28"]
[Round "3"]
[White "Kuchava, Ana"]
[Black "Makhmudov, Shukhrat"]
[Result "1/2-1/2"]
[WhiteElo "2101"]
[BlackElo "2115"]
[PlyCount "196"]
[EventDate "2024.05.28"]
[EventType "swiss (blitz)"]
[EventRounds "11"]
[EventCountry "USA"]
[SourceTitle "EXT 2025"]
[Source "ChessBase"]
[SourceDate "2024.10.14"]
[SourceVersion "1"]
[SourceVersionDate "2024.10.14"]
[SourceQuality "1"]

1. d4 Nf6 2. Nf3 d5 3. c4 e6 4. Nc3 Bb4 5. Qa4+ Nc6 6. e3 0-0 7. Bd3 dxc4 8. Bxc4 a6 9. Qc2 Bd6 10. 0-0 e5 11. d5 Ne7 12. e4 Ng6 13. Re1 h6 14. Bf1 Bg4 15. Nd2 Nh5 16. Nc4 Nhf4 17. Be3 b5 18. Na5 Bd7 19. f3 Ne7 20. Kh1 Nfg6 21. Rac1 f5 22. Ne2 f4 23. Bc5 Rf6 24. Nb7 Qb8 25. Nxd6 cxd6 26. Bf2 Rf8 27. Qc7 Rd8 28. Qxb8 Rdxb8 29. Rc7 Be8 30. Rec1 Rc8 31. Rxc8 Rxc8 32. Rxc8 Nxc8 33. a3 Kf8 34. Nc3 Ke7 35. Kg1 Kd8 36. Bd3 Kc7 37. Kf1 Nb6 38. Ke2 Bd7 39. Na2 Na4 40. b3 Nc5 41. Bc2 a5 42. b4 Nb7 43. Nc3 axb4 44. axb4 Ne7 45. Bd3 Nc8 46. Bxb5 Bxb5+ 47. Nxb5+ Kb8 48. Kd3 Nd8 49. Kc4 Kb7 50. Bh4 Nf7 51. Bf2 g5 52. h3 h5 53. Be1 Nh6 54. Bf2 g4 55. Bh4 gxf3 56. gxf3 Nf7 57. Bf6 Nb6+ 58. Kd3 Nd7 59. h4 Nxf6 60. Kc4 Nd7 61. Nc3 Ka6 62. b5+ Ka5 63. Nd1 Nb6+ 64. Kc3 Kxb5 65. Nf2 Kc5 66. Nh3 Na4+ 67. Kd3 Nb2+ 68. Ke2 Kd4 69. Ng5 Nh6 70. Ne6+ Kc3 71. Ng7 Nc4 72. Nxh5 Kd4 73. Nf6 Kc5 74. Ne8 Nb6 75. h5 Nd7 76. Ng7 Nf6 77. Ne6+ Kc4 78. Ng7 Kd4 79. Kd2 Kc4 80. Ke2 Kc3 81. Ne6 Nxh5 82. Nc7 Nf6 83. Nb5+ Kc4 84. Nxd6+ Kc5 85. Nb7+ Kb6 86. Nd8 Kc7 87. Ne6+ Kd6 88. Ng5 Nhg8 89. Nf7+ Ke7 90. Nxe5 Kd6 91. Nd3 Nxd5 92. exd5 Kxd5 93. Nxf4+ Ke5 94. Ng6+ Kf5 95. Nh4+ Kf4 96. Ng2+ Kg3 97. Ne3 Nf6 98. f4 Kxf4 1/2-1/2

[Event "Titled Tuesday intern op 28th May Early"]
[Site "Chess.com INT"]
[Date "2024.05.28"]
[Round "4"]
[White "Makhmudov, Shukhrat"]
[Black "Mena, Martin"]
[Result "1/2-1/2"]
[WhiteElo "2115"]
[BlackElo "1976"]
[PlyCount "51"]
[EventDate "2024.05.28"]
[EventType "swiss (blitz)"]
[EventRounds "11"]
[EventCountry "USA"]
[SourceTitle "EXT 2025"]
[Source "ChessBase"]
[SourceDate "2024.10.14"]
[SourceVersion "1"]
[SourceVersionDate "2024.10.14"]
[SourceQuality "1"]

1. e4 c6 2. Nc3 d5 3. exd5 cxd5 4. d4 Nf6 5. Bf4 a6 6. h3 Nc6 7. Nf3 g6 8. a3 Bf5 9. Bd3 Bxd3 10. Qxd3 Bg7 11. 0-0 0-0 12. Rfe1 e6 13. Ne5 Nxe5 14. Bxe5 b5 15. Ne2 Qb6 16. c3 Ne4 17. Bxg7 Kxg7 18. Qe3 a5 19. f3 Nd6 20. Ng3 Nc4 21. Qg5 Qd8 22. Nh5+ Kh8 23. Nf6 Kg7 24. Nh5+ Kh8 25. Nf6 Kg7 26. Nh5+ 1/2-1/2

[Event "Titled Tuesday intern op 21st May Early"]
[Site "Chess.com INT"]
[Date "2024.05.21"]
[Round "8"]
[White "Makhmudov, Shukhrat"]
[Black "Timerkhanov, Alexander"]
[Result "0-1"]
[WhiteElo "2115"]
[BlackElo "2311"]
[PlyCount "110"]
[EventDate "2024.05.21"]
[EventType "swiss (blitz)"]
[EventRounds "11"]
[EventCountry "USA"]
[SourceTitle "CBM 220 Extra"]
[Source "ChessBase"]
[SourceDate "2024.07.31"]
[SourceVersion "1"]
[SourceVersionDate "2024.07.31"]
[SourceQuality "1"]

1. e4 c5 2. Nf3 a6 3. c3 d5 4. e5 Nc6 5. d4 Bg4 6. Be2 e6 7. 0-0 Bxf3 8. Bxf3 cxd4 9. cxd4 Qb6 10. Be3 Qxb2 11. Nd2 Qb6 12. Nb3 Nh6 13. Nc5 Bxc5 14. dxc5 Qc7 15. Bxh6 gxh6 16. Re1 Nxe5 17. Bxd5 Rd8 18. Qa4+ Kf8 19. Bxb7 Nd3 20. Red1 Qxb7 21. c6 Qe7 22. c7 Qxc7 23. Qa3+ Qd6 24. Rxd3 Qxa3 25. Rxa3 Rd6 26. Rc1 Ke7 27. h3 Rhd8 28. Rc7+ R8d7 29. Rc8 Rd1+ 30. Kh2 R1d2 31. f3 Rb7 32. Rxa6 Rbb2 33. Kg3 Rxg2+ 34. Kf4 Rxa2 35. Rxa2 Rxa2 36. Rc3 Rg2 37. Rc7+ Kf6 38. Rc5 Rg5 39. Rc8 e5+ 40. Ke4 Rh5 41. Rc6+ Kg7 42. h4 f6 43. Kd5 Rxh4 44. Rc7+ Kg6 45. Ke6 Rf4 46. Rc8 h5 47. Rg8+ Kh6 48. Kf7 h4 49. Rg2 h3 50. Rg3 Rh4 51. Rg1 h2 52. Rh1 Kg5 53. Kg7 Kf4 54. Kxf6 Kxf3 55. Kxe5 Kg2 0-1

[Event "Titled Tuesday intern op 21st May Early"]
[Site "Chess.com INT"]
[Date "2024.05.21"]
[Round "5"]
[White "Makhmudov, Shukhrat"]
[Black "Zelbel, Patrick"]
[Result "0-1"]
[WhiteElo "2115"]
[BlackElo "2490"]
[PlyCount "58"]
[EventDate "2024.05.21"]
[EventType "swiss (blitz)"]
[EventRounds "11"]
[EventCountry "USA"]
[SourceTitle "CBM 220 Extra"]
[Source "ChessBase"]
[SourceDate "2024.07.31"]
[SourceVersion "1"]
[SourceVersionDate "2024.07.31"]
[SourceQuality "1"]

1. e4 d5 2. exd5 Qxd5 3. Nc3 Qa5 4. b4 Qxb4 5. Rb1 Qd6 6. Rb3 Nf6 7. Ba3 Qe5+ 8. Be2 Qg5 9. Bf3 Nc6 10. h4 Qe5+ 11. Nge2 Nd4 12. Bxb7 Rb8 13. f4 Qe6 14. Bxc8 Rxc8 15. Rb4 c5 16. Rb7 Qa6 17. Qb1 Nxc2+ 18. Qxc2 Qxb7 19. 0-0 e6 20. f5 Bd6 21. fxe6 fxe6 22. Qa4+ Qd7 23. Qxd7+ Kxd7 24. d4 cxd4 25. Bxd6 dxc3 26. Be5 c2 27. Rc1 Nd5 28. Nd4 Nb4 29. a3 Nd3 0-1

[Event "Titled Tuesday intern op 07th May Early"]
[Site "Chess.com INT"]
[Date "2024.05.07"]
[Round "2"]
[White "Makhmudov, Shukhrat"]
[Black "Torres, Juan Camilo"]
[Result "0-1"]
[WhiteElo "2115"]
[BlackElo "2295"]
[PlyCount "70"]
[EventDate "2024.05.07"]
[EventType "swiss (blitz)"]
[EventRounds "11"]
[EventCountry "USA"]
[SourceTitle "EXT 2025"]
[Source "ChessBase"]
[SourceDate "2024.10.14"]
[SourceVersion "1"]
[SourceVersionDate "2024.10.14"]
[SourceQuality "1"]

1. e4 c5 2. Nf3 Nc6 3. d4 cxd4 4. Nxd4 Nf6 5. Nc3 e5 6. Ndb5 d6 7. Bg5 a6 8. Na3 b5 9. Bxf6 gxf6 10. Nd5 Bg7 11. c3 Ne7 12. Nc2 Be6 13. Nce3 Nxd5 14. Nxd5 f5 15. exf5 Bxf5 16. Bd3 Bg6 17. 0-0 0-0 18. Bxg6 hxg6 19. a4 Rb8 20. axb5 Rxb5 21. b4 e4 22. Rxa6 Be5 23. c4 Rb7 24. Qg4 f5 25. Qxg6+ Rg7 26. Qe6+ Kh8 27. Ra3 Rh7 28. h3 f4 29. Re1 e3 30. fxe3 f3 31. Rf1 Qh4 32. e4 Qxe4 33. Qg4 f2+ 34. Rxf2 Qe1+ 35. Rf1 Qxf1# 0-1

[Event "Titled Tuesday intern op 24th Oct Early"]
[Site "Chess.com INT"]
[Date "2023.10.24"]
[Round "6"]
[White "Guevara, Robert N"]
[Black "Makhmudov, Shukhrat"]
[Result "0-1"]
[WhiteElo "1993"]
[BlackElo "2115"]
[PlyCount "43"]
[EventDate "2023.10.24"]
[EventType "swiss (blitz)"]
[EventRounds "11"]
[EventCountry "USA"]
[SourceTitle "EXT 2025"]
[Source "ChessBase"]
[SourceDate "2024.10.14"]
[SourceVersion "1"]
[SourceVersionDate "2024.10.14"]
[SourceQuality "1"]

1. d4 Nf6 2. Bg5 Ne4 3. Bf4 c5 4. f3 Nf6 5. d5 d6 6. e4 Nbd7 7. Nd2 g6 8. c3 Bg7 9. Bc4 0-0 10. Ne2 Nh5 11. Be3 Ne5 12. a4 Nxc4 13. Nxc4 b6 14. Qc2 Ba6 15. Na3 e6 16. Nb5 exd5 17. exd5 Re8 18. Bf2 Qg5 19. 0-0 Bxb5 20. axb5 Rxe2 21. Qxe2 Nf4 22. Be3 0-1

[Event "Titled Tuesday intern op 24th Oct Early"]
[Site "Chess.com INT"]
[Date "2023.10.24"]
[Round "2"]
[White "Makhmudov, Shukhrat"]
[Black "Fiorito, Joaquin"]
[Result "0-1"]
[WhiteElo "2115"]
[BlackElo "2399"]
[PlyCount "106"]
[EventDate "2023.10.24"]
[EventType "swiss (blitz)"]
[EventRounds "11"]
[EventCountry "USA"]
[SourceTitle "EXT 2025"]
[Source "ChessBase"]
[SourceDate "2024.10.14"]
[SourceVersion "1"]
[SourceVersionDate "2024.10.14"]
[SourceQuality "1"]

1. e4 c6 2. Nf3 d5 3. exd5 cxd5 4. d4 Nf6 5. Bd3 Nc6 6. c3 Bg4 7. h3 Bh5 8. Nbd2 e6 9. 0-0 Bd6 10. Re1 0-0 11. Nf1 Qc7 12. Bg5 Nd7 13. Be3 f6 14. Ng3 Bxg3 15. fxg3 Qxg3 16. Bf2 Qd6 17. c4 Rae8 18. a3 Kh8 19. cxd5 Qxd5 20. Be4 Qd6 21. d5 exd5 22. Qxd5 Qxd5 23. Bxd5 Bxf3 24. Bxf3 Nde5 25. Bh5 g6 26. Be2 Rd8 27. Red1 Kg7 28. b4 a6 29. Bb6 Rxd1+ 30. Rxd1 Re8 31. Kf2 Kf7 32. Rd2 h5 33. Bd1 h4 34. Bb3+ Kg7 35. Rd6 g5 36. Bc2 Re7 37. Bc5 Rd7 38. Bf5 Rxd6 39. Bxd6 Nc4 40. Bc5 Nxa3 41. Bc8 Nc2 42. Bxb7 N2xb4 43. Ke3 a5 44. Kd2 Ne5 45. Kc3 Nbc6 46. Bb6 Kf7 47. Ba6 Ke6 48. Be2 Kd6 49. Bd1 Nd7 50. Be3 Nc5 51. Bc2 Ne5 52. Kd4 a4 53. Bc1 Nb3+ 0-1

[Event "Titled Tuesday intern op 03rd Oct Early"]
[Site "Chess.com INT"]
[Date "2023.10.03"]
[Round "5"]
[White "Becerra, Juan David"]
[Black "Makhmudov, Shukhrat"]
[Result "1-0"]
[WhiteElo "2322"]
[BlackElo "2115"]
[PlyCount "55"]
[EventDate "2023.10.03"]
[EventType "swiss (blitz)"]
[EventRounds "11"]
[EventCountry "USA"]
[SourceTitle "EXT 2025"]
[Source "ChessBase"]
[SourceDate "2024.10.14"]
[SourceVersion "1"]
[SourceVersionDate "2024.10.14"]
[SourceQuality "1"]

1. e4 e5 2. Nf3 Nc6 3. Bb5 a6 4. Ba4 Nf6 5. Qe2 b5 6. Bb3 Be7 7. c3 0-0 8. 0-0 d6 9. h3 Na5 10. Bc2 c5 11. Rd1 Qc7 12. d4 Be6 13. d5 Bd7 14. Nbd2 c4 15. Nf1 Nb7 16. g4 Nc5 17. Ng3 g6 18. Bh6 Rfb8 19. Kh2 Bxg4 20. Rg1 Qd7 21. Nf5 Bxf5 22. exf5 e4 23. fxg6 fxg6 24. Nd4 Nxd5 25. Bxe4 Nxe4 26. Qxe4 Nf6 27. Rxg6+ Kh8 28. Bg7+ 1-0

[Event "Titled Tuesday intern op 03rd Oct Early"]
[Site "Chess.com INT"]
[Date "2023.10.03"]
[Round "7"]
[White "Krzywda, Andrzej"]
[Black "Makhmudov, Shukhrat"]
[Result "1-0"]
[WhiteElo "2210"]
[BlackElo "2115"]
[PlyCount "57"]
[EventDate "2023.10.03"]
[EventType "swiss (blitz)"]
[EventRounds "11"]
[EventCountry "USA"]
[SourceTitle "EXT 2025"]
[Source "ChessBase"]
[SourceDate "2024.10.14"]
[SourceVersion "1"]
[SourceVersionDate "2024.10.14"]
[SourceQuality "1"]

1. e4 e5 2. Nf3 Nc6 3. Bb5 a6 4. Ba4 Nf6 5. 0-0 Be7 6. Re1 b5 7. Bb3 0-0 8. a4 Rb8 9. axb5 axb5 10. c3 d5 11. exd5 Nxd5 12. Nxe5 Nxe5 13. Rxe5 c6 14. d4 Bd6 15. Re2 Bg4 16. f3 Qh4 17. g3 Qh3 18. fxg4 Rbe8 19. Bd2 Bxg3 20. hxg3 Qxg4 21. Rg2 Qh3 22. Na3 Ne3 23. Bxe3 Rxe3 24. Qf1 Rxg3 25. Nc2 Rf3 26. Qe2 Rf6 27. Rf1 Rd6 28. Rxf7 Qc8 29. Rc7+ 1-0

[Event "Titled Tuesday intern op 03rd Oct Early"]
[Site "Chess.com INT"]
[Date "2023.10.03"]
[Round "6"]
[White "Makhmudov, Shukhrat"]
[Black "Perossa, Nicolas"]
[Result "0-1"]
[WhiteElo "2115"]
[BlackElo "2285"]
[PlyCount "76"]
[EventDate "2023.10.03"]
[EventType "swiss (blitz)"]
[EventRounds "11"]
[EventCountry "USA"]
[SourceTitle "EXT 2025"]
[Source "ChessBase"]
[SourceDate "2024.10.14"]
[SourceVersion "1"]
[SourceVersionDate "2024.10.14"]
[SourceQuality "1"]

1. e4 c5 2. Nf3 e6 3. d4 cxd4 4. Nxd4 Nf6 5. Nc3 Bb4 6. Bd3 Nc6 7. Nxc6 bxc6 8. 0-0 0-0 9. Bg5 h6 10. Bh4 Be7 11. e5 Nd5 12. Bxe7 Qxe7 13. Ne4 f5 14. Nd6 Qg5 15. g3 f4 16. c4 Nb4 17. Re1 f3 18. Bf1 c5 19. a3 Nc6 20. Nxc8 Raxc8 21. Qxd7 Nd4 22. Re4 Qf5 23. Rae1 Ne2+ 24. R4xe2 fxe2 25. Rxe2 Rcd8 26. Qa4 Rd4 27. Qxa7 Re4 28. Qxc5 Rxe2 29. Bxe2 Qb1+ 30. Kg2 Qxb2 31. Bg4 Qb7+ 32. Kh3 Qf7 33. Qd6 Qxf2 34. Bxe6+ Kh8 35. Bd5 Qf1+ 36. Kh4 Qf5 37. Qe6 Qxe6 38. Bxe6 Re8 0-1